Les MVs les plus vues de Taemin (avril 2026) - Statistiques

Statistiques générales
  • Ce quiz a été pris 6 fois
  • Le résultat moyen est 17 sur 22
Statistiques - réponses
Date de sortie Nombre de vues MV % Correct
30 octobre 2023 34 M Guilty
100%
16 octobre 2017 81 M Move
100%
19 août 2024 19 M Sexy In The Air
100%
4 aoüt 2020 9,5 M 2 Kids
75%
18 mai 2021 59 M Advice
75%
7 septembre 2020 51 M Criminal
75%
15 août 2014 36 M Danger
75%
21 février 2016 14 M Drip Drop
75%
26 juillet 2019 14 M Famous
75%
27 juin 2017 8,2 M Flame Of Love
75%
3 septembre 2024 5 M Horizon
75%
9 novembre 2020 62 M Idea
75%
30 mars 2021 1,5 M My Day
75%
22 février 2016 16 M Press Your Number
75%
6 juillet 2016 14 M Sayonara Hitori
75%
17 décembre 2023 3,5 M The Rizzness
75%
20 novembre 2020 4,7 M Think Of You
75%
10 novembre 2017 11 M Thirsty
75%
13 novembre 2018 7,7 M Under My Skin
75%
19 septembre 2025 6,7 M Veil
75%
11 février 2019 57 M Want
75%
8 décembre 2017 6,4 M Day And Night
25%
Aucun quiz correspondant
Distribution des résultats
% des personnes avec chaque résultat
Percentile par nombre de réponses
Votre historique - résultats
Vous n’avez pas pris ce quiz